Регионална библиотека "Любен Каравелов" - Русе

Търговско право (Запис номер 6531)

MARC детайли
000 -Лидер
Контролно поле с фиксирана дължина 01380nam a2200361 a 4500
003 - Код на организацията, давaща контролен номер
Контролно поле BLK
005 - Дата и час на последна редакция
Контролно поле 20240124114244.0
008 - Елементи от данни с фиксирана дължина
fixed length control field 180412b bul|||||r ||||||| ||bul||
010 ## - Наследен системен номер
LC control number KNG00007776000
020 ## - Международен стандартен номер на книга ISBN
Международен стандартен номер на книга ISBN 954-548-035-4
040 ## - Източник на каталожния запис
Идентификатор на билиотеката - собственик на записа BLK
041 ## - Код за език
Код за езика на текст/звукозапис или на отделно заглавие Български
Код за езика КДБФ Български
080 ## - УДК
Текстов определител УДК Търговско право
УДК код - определител по УДК 347.7
УДК определител (075.8)
УДК - код + определител 347.7(075.8)
100 1# - Редна дума - Автор
Автор Златарев, Емил Николов
Авторска отговорност първи автор
R(LIN) 251568
139 ## - Редно поле
Редна дума Златарев, Емил Николов и др.
Авторски знак Златар - З 69
245 10 - Сведения за заглавието
Заглавие Търговско право
Подзаглавни данни Учебник за ВУЗ : Ч. 1, 3
Редно поле (дума) Емил Николов Златарев; съавт. Веселин Георгиев Христофоров.
257 ## - Страна на издаване
Страна на създаване/издаване България
260 ## - Област на издателските данни
Място на издаване, разпространение и проч. София
Име на издателя, разпространителя и проч. Мартилен
Година на издаване 1995
300 ## - Физическа характеристика
Страници 244 с.
Размери/Мащаб 24 см
380 ## - Жанр
Жанр Обществени науки
500 ## - Общи забележки
Забележка 2 000 тир.
650 #4 - Допълнително описание по предмет – тема
Основно описание – тема или топоним Търговско право - учебници за ВУЗ
9 (RLIN) 251367
653 ## - Ключова дума – ненормативна
Ключова дума търговско право
653 ## - Ключова дума – ненормативна
Ключова дума учебници за ВУЗ
700 1# - Други автори (авторска отговорност)
Лично име Христофоров, Веселин Георгиев
Автороска отговорност (Описва отношението между автора и произведението) съавт.
9 (RLIN) 251569
852 ## - Местоположение
Форматна сигнатура Цб 179215
Фондова буква Хранилище
856 4# - Електронен адрес и достъп
Електронен формат pdf - файл
Път до файла /url/
856 4# - Електронен адрес и достъп
Електронен формат pdf - файл
Път до файла /url/
942 ## - АРТИКУЛИ
Вид на библиотечния материал Книги
Скрит в OPAC Не
Koha issues (borrowed), all copies 1
944 ## - СЪЗДАВАНЕ И РЕДАКЦИЯ на ЗАПИСА
Създаване/Редакция Създаване
Дата на регистрацията/редакция 15.01.2003
Статус, дата на статуса Радостина Карадакова
Служител, извършил регистрацията/редакцията 30534
944 ## - СЪЗДАВАНЕ И РЕДАКЦИЯ на ЗАПИСА
Създаване/Редакция Редакция
Дата на регистрацията/редакция 17.07.2017
Статус, дата на статуса ф /
Служител, извършил регистрацията/редакцията Людмила_Стоянова
999 ## - СИСТЕМНИ КОНТРОЛНИ НОМЕРА
Koha biblionumber 6531
Koha biblioitemnumber 6531
999 ## - СИСТЕМНИ КОНТРОЛНИ НОМЕРА
Koha biblioitemnumber 6531
Наличности
Код за отписване Код за изгубен артикул Източник на класификационната схема Код за повреда Коз за рестрикции Код за отдаване Артикулен № Име на библиотеката - собственик Име на библиотеката, в която се намира в момента Статус (Текущо местоположение) Дата на вписване в системата Местоположение - отдел Цена в лева Инвентарен номер Систематично азбучна сигнатура Баркод Номер на екземпляра Цена в евро Служебна бележка Служебен тип на артикула
Изтеглен Не е изгубен Universal Decimal Classification Не е повреден без рестрикции ползва се в читалня 11361 Регионална библиотека "Любен Каравелов" Русе Регионална библиотека "Любен Каравелов" Русе Читалня 2001-01-01 Читалня 1.80 613073 Ч 347/З 69 613073 1 0.92 Дост: Pk Вид: Ф N: стар фонд Дата: 01.01.1995 Дата инв: 14.03.2017 Бележки инв: Ч2017 Книги
Изтеглен Не е изгубен Universal Decimal Classification Не е повреден без рестрикции заемане за дома 11362 Регионална библиотека "Любен Каравелов" Русе Регионална библиотека "Любен Каравелов" Русе Заемна - подръчен фонд 2001-01-01 Заемна - подръчен фонд 1.80 613074 П 347/З 69 613074 2 0.92 Дост: Pk Вид: Ф N: стар фонд Дата: 01.01.1995 Книги
  Не е изгубен Universal Decimal Classification Не е повреден без рестрикции ползва се в читалня 11363 Регионална библиотека "Любен Каравелов" Русе Регионална библиотека "Любен Каравелов" Русе Хранилище 2001-01-01 Хранилище 1.80 613976 Цб 179215 120000613976 3 0.92 Дост: Dp Вид: Д N: стар фонд Дата: 01.01.1995 Дата инв: 06.08.2015 Бележки инв: Цб2015 Книги
Изтеглен Не е изгубен Universal Decimal Classification Не е повреден без рестрикции заемане за дома 11364 Регионална библиотека "Любен Каравелов" Русе Регионална библиотека "Любен Каравелов" Русе Заемна - подръчен фонд 2017-06-06 Заемна - подръчен фонд 12.00 120000812088 П 347/З 69 120000812088 4 6.14 Дост: DA Вид: А N: 24 Дата: 06.06.2017 Дата инв: 05.02.2018 Бележки инв: П2018 Книги
Vip Innovations Ltd, Rousse, Bulgaria 2025